00498 2200205 4500001002100000008004100021035002000062245003900082100001900121250000600140260004000146300001200186020002200198084001400220082000800234650001400242990001200256990001200268990001200280INLIS000000000001160 ind  a0010-0524000395 aBiogafi Moh. NatsircLukman Hakiem aHakiem, Lukman a1 aJakarta :bPustaka Al Kautsarc2019 a656 hlm a978-979-592-834-8 a900 LUK b a900 aNon Fiksi a0744799 a0744800 a0744801